Manual alfabético del impuesto a los réditos /

Guardado en:
Autor Principal: Fourcade, Pedro D.
Formato: Libro
Idioma:Spanish
Publicado: Buenos Aires : Selección Contable, 1945.
Etiquetas: Agregar Etiqueta
Sin Etiquetas, Sea el primero en etiquetar este registro!
LEADER 00461nam a22001455a 4500
001 EAD.bibadm000310
003 AR-BaBDC
005 20100211094135.0
008 080718s1945####ag############000#0#spa#d
245 1 0 |a Manual alfabético del impuesto a los réditos /  |c Pedro D. Fourcade. 
260 |a Buenos Aires :  |b Selección Contable,  |c 1945. 
300 |a 360 p. 
100 1 |a Fourcade, Pedro D. 
082 0 4 |a 336.24 
859 |a AR-BaBDC  |b BIB. ADMINISTRACION - Libros  |h 336.24  |i F825  |p b01428